000 00439nam a2200181Ia 4500
001 16421
005 20260306170308.0
008 260306t2020||||xx |||||||||||||| ||und||
041 _aESP
082 _a348.6
_bC12
100 _aCaballero Sega, Katty Angélica
_eAUT
245 0 _aDerecho laboral constitucional
260 _c2020
300 _a253 páginas :
_c25 cm.
650 _aGEN
654 _aCDE
942 _cLIB
_dJUS
_fJUS
_2ddc
_n
999 _c16421
_d16421